000 00610nam a2200217Ii 4500
003 JO-AjNU
008 230606s9999||||xx |||||||||||||| ||und||
020 _a987-0-13-280545-2
040 _aJO-AjNU
_beng
_erda
_cJO-AjNU
041 _aeng
050 1 4 _aQA76.6.G315.2013
100 3 _aGaddis,Tony,
_eauthor
_92846
245 0 0 _aStarting out with Programming Logic and Design
250 _a3 ed
264 3 1 _aPEARSON:NEWYORK,2013
300 _a610p
336 _atext
_btxt
_2rdacontent
337 _aunmediated
_bn
_2rdamedia
338 _avolume
_bnc
_2rdacarrier
650 4 _aComputer prigramming
_92847
999 _aE1491
_c1491
_d1491